| 000 | 01962nam a22002177a 4500 | ||
|---|---|---|---|
| 003 | OSt | ||
| 005 | 20250329035831.0 | ||
| 008 | 250329b |||||||| |||| 00| 0 eng d | ||
| 020 | _a9781035024971 | ||
| 040 | _cAL | ||
| 041 | _aeng | ||
| 082 |
_223 _a153.6 _bABRT |
||
| 100 |
_aMatt Abrahams _9207186 |
||
| 245 |
_aThink faster talk smarter _b: how to speak successfully when you re put on the spot |
||
| 260 |
_aMacmillan _bNew York _c2024 |
||
| 300 |
_a243p. _bPB _c19x13cm. |
||
| 365 |
_2General _aHR-EKMF-1271137075-2425 _b₹363.00 _c₹ _d₹599.00 _f20-03-2025 |
||
| 520 | _aStanford lecturer and host of the #1 business podcast Think Fast, Talk Smart, Matt Abrahams, reveals the secrets to finding the right words when it counts. Communication is crucial to success in life and business. However, it is not just big speeches that matter: it is also those critical, spur-of-the-moment situations for which we cannot prepare. A prospective client asking unexpected questions during a sales pitch, a teacher singling you out for an answer during a class, a high-pressure meeting with senior executives at work, or even a heartwarming toast to deliver on the spot. All are fraught scenarios that might cause you to freeze up. The pandemic has only boosted this fear, by stripping the spontaneity from communication during lockdown, and then changing the communication landscape. In this invaluable guide, Matt Abrahams – Stanford University lecturer and creator of the hit podcast, Think Fast, Talk Smart – provides a six-point methodology that will enable you to cut through the anxiety arising from these stressful, impromptu circumstances to create and deliver crisp, compelling and calm communication. Think Faster, Talk Smarter is an energetic, engaging resource for anyone who wants to speak out, spread their ideas, and ultimately share their story. | ||
| 650 |
_2Conscious mental processes and intelligence _aPsychology _9207187 |
||
| 942 |
_2ddc _cBK |
||
| 999 |
_c234058 _d234058 |
||